[Event "Druzynowe Mistrzostwa Polski Niewidomyc"]
[Site "Wagrowiec"]
[Date "2016.??.??"]
[Round "7.18"]
[White "Perszewska, Krystyna"]
[Black "Malcer, Joanna"]
[Result "0-1"]
[WhiteElo "1551"]
[BlackElo "1591"]
[PlyCount "126"]
[EventDate "2016.??.??"]

1. d4 d5 2. c4 Nf6 3. Nc3 e6 4. e3 Be7 5. Nf3 O-O 6. Bd3 dxc4 7. Bxc4 Nbd7 8.
O-O c5 9. a3 a6 10. Bd3 b5 11. dxc5 Nxc5 12. Bc2 Bb7 13. Qe2 Qc7 14. Bd2 Rad8
15. Rfd1 Rd7 16. h3 Rfd8 17. Be1 Nce4 18. Nxe4 Nxe4 19. Bxe4 Bxe4 20. Rxd7 Rxd7
21. Rd1 Qb7 22. Rxd7 Qxd7 23. Bc3 Qc6 24. Kf1 Bxf3 25. Qxf3 Qxf3 26. gxf3 f5
27. f4 Kf7 28. Kg2 h5 29. f3 Bc5 30. e4 Be3 31. Be5 h4 32. Kf1 g6 33. Ke2 Bc5
34. Kd3 Ke7 35. Kc3 Kd7 36. Bd4 Be7 37. b4 Kc6 38. Kb3 Bd8 39. Be5 a5 40. Bd4
a4+ 41. Kc3 g5 42. fxg5 Bxg5 43. Kb2 Kd6 44. Kc2 Bf4 45. Bb2 Be5 46. Bc1 Bg3
47. exf5 exf5 48. f4 Kd5 49. Kd3 Bf2 50. Bb2 Be1 51. Bc1 Bg3 52. Bd2 Bf2 53.
Bc1 Bd4 54. Kc2 Ke4 55. Bd2 Be3 56. Be1 Bxf4 57. Bxh4 Bh6 58. Be7 f4 59. Kd1 f3
60. Ke1 Bc1 61. h4 Bxa3 62. h5 Bb2 63. h6 a3 0-1

[Event "Druzynowe Mistrzostwa Polski Niewidomyc"]
[Site "Wagrowiec"]
[Date "2016.??.??"]
[Round "8.1"]
[White "Walczak, Lucjan"]
[Black "Zelajtys, Jozef"]
[Result "1-0"]
[WhiteElo "1842"]
[BlackElo "1706"]
[PlyCount "61"]
[EventDate "2016.??.??"]

1. e4 e6 2. d3 d5 3. Nc3 d4 4. Nce2 c5 5. g3 Nc6 6. Bg2 Nf6 7. h3 g6 8. Nf3 Bg7
9. O-O O-O 10. Bg5 Qc7 11. Qd2 Re8 12. Bh6 Bh8 13. Nh2 e5 14. f4 Nh5 15. f5 Nd8
16. g4 Nf6 17. Bg5 Nd7 18. fxg6 hxg6 19. Nf3 Nf8 20. Rf2 f6 21. Bh4 g5 22. Bg3
Nde6 23. Raf1 Ng6 24. h4 Ngf4 25. hxg5 fxg5 26. Bxf4 exf4 27. Bh3 Be5 28. Rh2
Kg7 29. Kf2 Bd7 30. Rfh1 Rh8 31. Bg2 1-0

[Event "Druzynowe Mistrzostwa Polski Niewidomyc"]
[Site "Wagrowiec"]
[Date "2016.??.??"]
[Round "8.2"]
[White "Dziobek, Jerzy"]
[Black "Cebula, Jozef"]
[Result "1-0"]
[WhiteElo "1750"]
[BlackElo "1723"]
[PlyCount "45"]
[EventDate "2016.??.??"]

1. d4 d5 2. Nf3 Nf6 3. Nbd2 Nc6 4. c3 Bf5 5. e3 Bg4 6. h3 Bxf3 7. Nxf3 e6 8.
Bd3 Ne4 9. Qc2 Na5 10. Bxe4 dxe4 11. Qxe4 Be7 12. Qc2 Bc5 13. dxc5 Qd5 14. O-O
O-O 15. e4 Qd7 16. e5 Rfd8 17. Bg5 Rf8 18. Rfe1 f6 19. exf6 gxf6 20. Bh6 Rf7
21. Rad1 Qc6 22. Rd4 Re7 23. b4 1-0

[Event "Druzynowe Mistrzostwa Polski Niewidomyc"]
[Site "Wagrowiec"]
[Date "2016.??.??"]
[Round "8.3"]
[White "Jagiela, Andrzej"]
[Black "Kulik, Roman"]
[Result "1/2-1/2"]
[WhiteElo "1673"]
[BlackElo "1743"]
[PlyCount "62"]
[EventDate "2016.??.??"]

1. e4 e5 2. Nf3 Nf6 3. Nc3 d6 4. Bc4 Be7 5. O-O O-O 6. d3 Nc6 7. Nd5 Nxd5 8.
Bxd5 Bg4 9. h3 Bh5 10. Bxc6 bxc6 11. b3 Bxf3 12. Qxf3 Qd7 13. Qe2 f5 14. exf5
Qxf5 15. f4 exf4 16. Rxf4 Qd7 17. Rxf8+ Rxf8 18. Bb2 Bf6 19. Bxf6 Rxf6 20. Rf1
Rxf1+ 21. Qxf1 d5 22. Qf2 d4 23. Kf1 Qf7 24. Qxf7+ Kxf7 25. Kf2 Ke6 26. Kf3 Kd5
27. a3 c5 28. g3 c6 29. Kf4 a5 30. h4 h6 31. g4 g6 1/2-1/2

[Event "Druzynowe Mistrzostwa Polski Niewidomyc"]
[Site "Wagrowiec"]
[Date "2016.??.??"]
[Round "8.5"]
[White "Barnowski, Sylwester"]
[Black "Suder, Ryszard"]
[Result "1/2-1/2"]
[WhiteElo "1871"]
[BlackElo "2153"]
[PlyCount "56"]
[EventDate "2016.??.??"]

1. d4 Nf6 2. f4 g6 3. Nf3 Bg7 4. Nbd2 O-O 5. c3 d6 6. e4 Nbd7 7. Bd3 e5 8. fxe5
dxe5 9. d5 Qe7 10. Qe2 Nh5 11. g3 Nc5 12. Bc2 c6 13. b4 Na6 14. dxc6 bxc6 15.
O-O Nc7 16. Nb3 Bg4 17. Be3 Rfe8 18. Qc4 Qe6 19. Bd3 Nb5 20. Ng5 Qxc4 21. Bxc4
Nd6 22. Bxf7+ Nxf7 23. Nxf7 Bh3 24. Rf2 Be6 25. Nh6+ Kh8 26. Nf7+ Kg8 27. Nh6+
Kh8 28. Nf7+ Kg8 1/2-1/2

[Event "Druzynowe Mistrzostwa Polski Niewidomyc"]
[Site "Wagrowiec"]
[Date "2016.??.??"]
[Round "8.6"]
[White "Chojnowski, Marcin"]
[Black "Filipiak, Rajmund"]
[Result "1-0"]
[WhiteElo "2012"]
[BlackElo "1561"]
[PlyCount "67"]
[EventDate "2016.??.??"]

1. d4 e6 2. c4 f5 3. Nf3 Nf6 4. g3 d5 5. Bf4 c6 6. Bg2 Bd6 7. Bxd6 Qxd6 8. O-O
O-O 9. Nbd2 Bd7 10. Rc1 Be8 11. Qb3 Qe7 12. Ne5 Ne4 13. Rfd1 Bh5 14. f3 Nxd2
15. Rxd2 Na6 16. e4 fxe4 17. fxe4 dxe4 18. Bxe4 Rad8 19. a3 Nc5 20. Qc2 Nxe4
21. Qxe4 Qg5 22. Rcc2 Rd6 23. Rf2 Rxf2 24. Rxf2 Qd8 25. Rd2 Qg5 26. c5 Rd8 27.
Rf2 Qe7 28. Nc4 Bg6 29. Qe3 b6 30. cxb6 axb6 31. Nxb6 Bf5 32. Rxf5 Qd6 33. Re5
c5 34. Rxe6 1-0

[Event "Druzynowe Mistrzostwa Polski Niewidomyc"]
[Site "Wagrowiec"]
[Date "2016.??.??"]
[Round "8.7"]
[White "Kasperczyk, Dominik"]
[Black "Zoltek, Tadeusz"]
[Result "0-1"]
[WhiteElo "1703"]
[BlackElo "2149"]
[PlyCount "44"]
[EventDate "2016.??.??"]

1. e4 c5 2. Nf3 Nc6 3. c3 Nf6 4. d3 d6 5. Be2 g6 6. Bg5 Bg7 7. Nbd2 O-O 8. O-O
Rb8 9. Rb1 b5 10. b4 a5 11. bxc5 dxc5 12. c4 b4 13. Be3 Nd7 14. Nb3 Qb6 15. d4
Nxd4 16. Nbxd4 cxd4 17. Nxd4 Qb7 18. f3 Ne5 19. Qb3 Nc6 20. Rfd1 Nxd4 21. Bxd4
Bxd4+ 22. Rxd4 Qa7 0-1

[Event "Druzynowe Mistrzostwa Polski Niewidomyc"]
[Site "Wagrowiec"]
[Date "2016.??.??"]
[Round "8.9"]
[White "Sargalski, Andrzej"]
[Black "Zarow, Zdzislaw"]
[Result "1/2-1/2"]
[WhiteElo "1831"]
[BlackElo "1818"]
[PlyCount "61"]
[EventDate "2016.??.??"]

1. e4 e5 2. Nf3 Nf6 3. Nc3 Nc6 4. Bc4 Bc5 5. O-O d6 6. h3 Nd4 7. d3 h6 8. Nxd4
Bxd4 9. Ne2 Bb6 10. Ng3 Be6 11. Bb3 Qd7 12. Kh2 g5 13. Nh5 Nxh5 14. Qxh5 O-O-O
15. Be3 Kb8 16. Bxb6 cxb6 17. Rad1 f5 18. exf5 Bxf5 19. Qf7 Qxf7 20. Bxf7 h5
21. Bd5 Rc8 22. c3 Rc5 23. Be4 Be6 24. d4 Ra5 25. a3 Kc7 26. dxe5 Rxe5 27. Bd3
Rf8 28. f3 Bb3 29. Rd2 h4 30. Rff2 Rfe8 31. Rfe2 1/2-1/2

[Event "Druzynowe Mistrzostwa Polski Niewidomyc"]
[Site "Wagrowiec"]
[Date "2016.??.??"]
[Round "8.10"]
[White "Ruszczycki, Jacek"]
[Black "Przewoznik, Emil"]
[Result "1/2-1/2"]
[WhiteElo "1918"]
[BlackElo "1808"]
[PlyCount "79"]
[EventDate "2016.??.??"]

1. e4 c5 2. f4 e5 3. d3 Nc6 4. fxe5 Nxe5 5. Nc3 Nf6 6. Nf3 d6 7. Nxe5 dxe5 8.
Be2 Be6 9. Be3 Qd7 10. a4 Be7 11. d4 a6 12. d5 Bg4 13. O-O Bxe2 14. Qxe2 O-O
15. Rf2 Ng4 16. Rf5 Nxe3 17. Qxe3 Qd6 18. Raf1 b6 19. Qg3 f6 20. Qg4 Rf7 21.
Qe2 Qd7 22. b3 Qc7 23. Nd1 Qb7 24. Nc3 Rb8 25. Qf2 c4 26. Kh1 Bc5 27. Qg3 cxb3
28. cxb3 Qe7 29. Rd1 Bd6 30. Qd3 Qb7 31. Rc1 Rc7 32. Rff1 Rbc8 33. Na2 Ba3 34.
Rc4 b5 35. Rxc7 Rxc7 36. b4 Bb2 37. Qb3 Bd4 38. d6+ Rc4 39. Rc1 Qxe4 40. h3
1/2-1/2

[Event "Druzynowe Mistrzostwa Polski Niewidomyc"]
[Site "Wagrowiec"]
[Date "2016.??.??"]
[Round "8.12"]
[White "Pawelec, Bartosz"]
[Black "Huzarski, Stanislaw"]
[Result "1-0"]
[WhiteElo "2092"]
[BlackElo "1806"]
[PlyCount "79"]
[EventDate "2016.??.??"]

1. d4 Nf6 2. Bg5 e6 3. e4 h6 4. Bxf6 gxf6 5. Nc3 Nc6 6. Bc4 Rg8 7. g3 b6 8. Nh3
Bb7 9. O-O Qe7 10. Nd5 Qd8 11. Ndf4 e5 12. Qh5 Rg7 13. dxe5 fxe5 14. Nd5 d6 15.
f4 Rg6 16. fxe5 Nxe5 17. Ndf4 Bxe4 18. Nxg6 Bxg6 19. Qe2 Qe7 20. Nf4 Nxc4 21.
Qxc4 Qe3+ 22. Rf2 O-O-O 23. Qxc7+ Kxc7 24. Nd5+ Kc6 25. Nxe3 Re8 26. Nf5 d5 27.
Nd4+ Kc5 28. c3 Bg7 29. Rd1 Re4 30. Nf5 Bf8 31. Nh4 Bh5 32. Rdd2 Kc6 33. Rf6+
Kc5 34. Rf5 Bg4 35. Rfxd5+ Kc6 36. Kg2 Re3 37. R5d3 Re6 38. Nf3 Bc5 39. b4
Bxf3+ 40. Rxf3 1-0

[Event "Druzynowe Mistrzostwa Polski Niewidomyc"]
[Site "Wagrowiec"]
[Date "2016.??.??"]
[Round "8.13"]
[White "Myszka, Zygmunt"]
[Black "Kowalczyk, Marian"]
[Result "0-1"]
[WhiteElo "1848"]
[BlackElo "1965"]
[PlyCount "67"]
[EventDate "2016.??.??"]

1. e4 c5 2. Nc3 Nc6 3. f4 e6 4. Nf3 d5 5. e5 Be7 6. d4 cxd4 7. Nxd4 Nh6 8. Bb5
Bd7 9. Bxc6 bxc6 10. O-O Qb6 11. Kh1 c5 12. Nf3 Nf5 13. g4 Nh6 14. h3 Bc6 15.
b3 d4 16. Ne2 Qb7 17. Ng3 O-O-O 18. Kh2 f6 19. Nh5 Rhg8 20. exf6 gxf6 21. f5
Nxg4+ 22. hxg4 Rxg4 23. Kh3 exf5 24. Bf4 Be8 25. Qd3 Rd5 26. Nh2 Bxh5 27. Nxg4
Bxg4+ 28. Kh4 Bd6 29. Bxd6 Rxd6 30. c3 Qg2 31. Qg3 Qc6 32. cxd4 Rxd4 33. Rae1
Qd7 34. Qg2 0-1

[Event "Druzynowe Mistrzostwa Polski Niewidomyc"]
[Site "Wagrowiec"]
[Date "2016.??.??"]
[Round "8.14"]
[White "Wojcieszyn, Zdzislaw"]
[Black "Mettel, Werner"]
[Result "1/2-1/2"]
[WhiteElo "1914"]
[BlackElo "1804"]
[PlyCount "72"]
[EventDate "2016.??.??"]

1. c4 e5 2. Nc3 Nf6 3. g3 g6 4. Bg2 Bg7 5. Nf3 d6 6. d4 exd4 7. Nxd4 O-O 8. O-O
Nbd7 9. Re1 Re8 10. h3 Nc5 11. e4 c6 12. Bf4 Ne6 13. Be3 Nxd4 14. Bxd4 Be6 15.
Qd3 c5 16. Be3 Qb6 17. Rab1 Qa6 18. b3 Rad8 19. Nb5 Re7 20. e5 Ne8 21. exd6
Nxd6 22. Bxc5 Bf5 23. Qd2 Red7 24. Bxd6 Bxb1 25. Rxb1 Bf8 26. Qe3 Bxd6 27. Qxa7
Qxa7 28. Nxa7 Bc5 29. Nb5 Rd2 30. Rf1 Rxa2 31. Bd5 b6 32. Nc3 Rb2 33. Ne4 Rxb3
34. Ra1 Rd3 35. Ra7 R3xd5 36. Nf6+ Kg7 1/2-1/2

[Event "Druzynowe Mistrzostwa Polski Niewidomyc"]
[Site "Wagrowiec"]
[Date "2016.??.??"]
[Round "8.16"]
[White "Hagner, Pawel"]
[Black "Mackowiak, Marek"]
[Result "1/2-1/2"]
[WhiteElo "1680"]
[BlackElo "2165"]
[PlyCount "60"]
[EventDate "2016.??.??"]

1. d4 d5 2. Nf3 Nf6 3. Bg5 e6 4. e3 Be7 5. Nbd2 Nbd7 6. c3 O-O 7. Bd3 c5 8. Ne5
h6 9. h4 Ne8 10. Bf4 cxd4 11. exd4 Nxe5 12. dxe5 f5 13. Qh5 Nc7 14. Bxh6 Qe8
15. Qxe8 Rxe8 16. Be3 Bd7 17. Nb3 b6 18. a4 Kf7 19. a5 bxa5 20. Rxa5 Reb8 21.
Bc2 Rb7 22. g3 Rab8 23. Rxa7 Rxa7 24. Bxa7 Rb7 25. Bc5 Ba4 26. Bxe7 Bxb3 27.
Bxb3 Kxe7 28. Bc2 Rxb2 29. Kd2 Ra2 30. Rb1 Kd7 1/2-1/2

[Event "Druzynowe Mistrzostwa Polski Niewidomyc"]
[Site "Wagrowiec"]
[Date "2016.??.??"]
[Round "8.17"]
[White "Niecko, Stanislaw"]
[Black "Stankiewicz, Edward"]
[Result "1/2-1/2"]
[WhiteElo "1843"]
[BlackElo "1825"]
[PlyCount "59"]
[EventDate "2016.??.??"]

1. c4 Nf6 2. Nf3 g6 3. Nc3 c5 4. g3 Nc6 5. Bg2 Bg7 6. d3 d6 7. O-O O-O 8. Bd2
Bd7 9. a3 Qc8 10. Rb1 Bh3 11. b4 Bxg2 12. Kxg2 b6 13. bxc5 dxc5 14. Qb3 e6 15.
Nb5 Qd7 16. a4 Ng4 17. Nc3 Nge5 18. Nxe5 Bxe5 19. Nb5 f5 20. Bc3 Qg7 21. Bxe5
Qxe5 22. Qb2 Qxb2 23. Rxb2 Rac8 24. f4 Rfd8 25. h4 Kg7 26. Kf3 h5 27. Kf2 Rd7
28. Ra1 a5 29. Na3 Nb4 30. Rb3 1/2-1/2

[Event "Druzynowe Mistrzostwa Polski Niewidomyc"]
[Site "Wagrowiec"]
[Date "2016.??.??"]
[Round "8.18"]
[White "Wolanski, Michal"]
[Black "Stolarczyk, Anna"]
[Result "1/2-1/2"]
[WhiteElo "1954"]
[BlackElo "1990"]
[PlyCount "61"]
[EventDate "2016.??.??"]

1. c4 e5 2. Nc3 Nf6 3. Nf3 Nc6 4. d4 exd4 5. Nxd4 Ne5 6. Bf4 Ng6 7. Bg5 Bb4 8.
Qb3 Ba5 9. Qa3 Bxc3+ 10. Qxc3 O-O 11. Nf3 d6 12. g3 Re8 13. Bxf6 Qxf6 14. Qxf6
gxf6 15. Bg2 Ne5 16. Nxe5 fxe5 17. O-O Rb8 18. Rac1 b6 19. Rc3 Be6 20. Bd5 Kg7
21. f4 c5 22. Bxe6 Rxe6 23. f5 Ree8 24. Rd3 b5 25. cxb5 Rxb5 26. b3 Rb6 27.
Rfd1 Rd8 28. Rd5 Kf6 29. e4 Ke7 30. Kg2 Rb4 31. Kf3 1/2-1/2

[Event "Druzynowe Mistrzostwa Polski Niewidomyc"]
[Site "Wagrowiec"]
[Date "2016.??.??"]
[Round "9.1"]
[White "Mackowiak, Marek"]
[Black "Walczak, Lucjan"]
[Result "1-0"]
[WhiteElo "2165"]
[BlackElo "1842"]
[PlyCount "45"]
[EventDate "2016.??.??"]

1. c4 e5 2. Nc3 Nc6 3. g3 g6 4. Bg2 Bg7 5. e3 Nge7 6. Nge2 d6 7. O-O O-O 8. h3
Rb8 9. b3 Be6 10. Bb2 Qd7 11. Kh2 f5 12. d4 d5 13. cxd5 Nxd5 14. Nxd5 Bxd5 15.
dxe5 Rbd8 16. Nf4 Bxg2 17. Kxg2 Rfe8 18. Qxd7 Rxd7 19. e6 Rd2 20. Bxg7 Kxg7 21.
Rfd1 Red8 22. e7 Rxd1 23. exd8=Q 1-0

[Event "Druzynowe Mistrzostwa Polski Niewidomyc"]
[Site "Wagrowiec"]
[Date "2016.??.??"]
[Round "9.2"]
[White "Cebula, Jozef"]
[Black "Niecko, Stanislaw"]
[Result "1/2-1/2"]
[WhiteElo "1723"]
[BlackElo "1843"]
[PlyCount "62"]
[EventDate "2016.??.??"]

1. e4 c5 2. Nf3 d6 3. Nc3 Nc6 4. Bb5 Bd7 5. O-O Nf6 6. d4 cxd4 7. Nxd4 g6 8.
Nxc6 bxc6 9. Bc4 Bg7 10. f3 Qb6+ 11. Kh1 O-O 12. Re1 Qc5 13. Bb3 Rab8 14. Na4
Qa5 15. Bd2 Qc7 16. Bc3 e5 17. Qd2 Ne8 18. Rad1 Be6 19. Bxe6 fxe6 20. b3 Rb5
21. Bb4 c5 22. Ba3 Rf7 23. c4 Rb8 24. Qe3 Rd8 25. Rd3 Rdd7 26. Red1 Bf8 27. Qd2
Rde7 28. Qf2 Rd7 29. Bb2 Qc6 30. Qd2 Rb7 31. Qa5 Qc7 1/2-1/2

[Event "Druzynowe Mistrzostwa Polski Niewidomyc"]
[Site "Wagrowiec"]
[Date "2016.??.??"]
[Round "9.3"]
[White "Stolarczyk, Anna"]
[Black "Jagiela, Andrzej"]
[Result "1-0"]
[WhiteElo "1990"]
[BlackElo "1673"]
[PlyCount "55"]
[EventDate "2016.??.??"]

1. d4 Nf6 2. Nf3 d5 3. g3 Bf5 4. Bg2 e6 5. c4 Bb4+ 6. Nc3 O-O 7. Qb3 Bxc3+ 8.
bxc3 Qc8 9. O-O Nbd7 10. c5 c6 11. Nh4 Be4 12. f3 Bg6 13. Nxg6 fxg6 14. e4 b6
15. Bh3 Re8 16. e5 Nh5 17. g4 Rb8 18. gxh5 bxc5 19. Qc2 gxh5 20. Ba3 c4 21. Bd6
Rb7 22. Rab1 Rb6 23. f4 c5 24. f5 exf5 25. Qxf5 Rxb1 26. Qf7+ Kh8 27. Rxb1 Rd8
28. Bxd7 1-0

[Event "Druzynowe Mistrzostwa Polski Niewidomyc"]
[Site "Wagrowiec"]
[Date "2016.??.??"]
[Round "9.5"]
[White "Huzarski, Stanislaw"]
[Black "Hagner, Pawel"]
[Result "1/2-1/2"]
[WhiteElo "1806"]
[BlackElo "1680"]
[PlyCount "60"]
[EventDate "2016.??.??"]

1. e4 d6 2. d4 Nf6 3. Nc3 g6 4. Nf3 Bg7 5. Be2 c6 6. O-O O-O 7. h3 Nbd7 8. Bc4
b5 9. Bd3 a6 10. a3 Qc7 11. Bf4 e5 12. dxe5 dxe5 13. Be3 Re8 14. Qd2 Bb7 15. b4
Rad8 16. Qe2 c5 17. bxc5 Nxc5 18. Bd2 Ne6 19. Rfd1 Bf8 20. Qe1 Nd4 21. Nh2 b4
22. axb4 Bxb4 23. Nd5 Nxd5 24. exd5 Bxd2 25. Rxd2 Rxd5 26. Ng4 Qe7 27. Be4 Rd6
28. Bxb7 Qxb7 29. c3 h5 30. Ne3 Nb5 1/2-1/2

[Event "Druzynowe Mistrzostwa Polski Niewidomyc"]
[Site "Wagrowiec"]
[Date "2016.??.??"]
[Round "9.6"]
[White "Stankiewicz, Edward"]
[Black "Staruch, Roman"]
[Result "0-1"]
[WhiteElo "1825"]
[BlackElo "1905"]
[PlyCount "67"]
[EventDate "2016.??.??"]

1. d4 Nf6 2. c4 e5 3. d5 Bc5 4. Nc3 d6 5. e3 c6 6. Be2 O-O 7. Nf3 Bf5 8. Nh4
Bd7 9. Nf3 Qc7 10. Nd2 Na6 11. a3 Rac8 12. g4 Qd8 13. g5 Ne8 14. h4 f5 15. gxf6
Nxf6 16. Nde4 Bf5 17. Ng3 Qd7 18. e4 Bg4 19. Be3 Bxe3 20. fxe3 Bxe2 21. Qxe2
Ng4 22. Nf5 h5 23. Rg1 Kh7 24. O-O-O g6 25. Rxg4 hxg4 26. Qxg4 Kh8 27. Qxg6 Qh7
28. h5 Qxg6 29. hxg6 Rf6 30. Rg1 Rc7 31. Ne2 Nc5 32. Neg3 Nd7 33. Nh5 Rxf5 34.
exf5 0-1

[Event "Druzynowe Mistrzostwa Polski Niewidomyc"]
[Site "Wagrowiec"]
[Date "2016.??.??"]
[Round "9.7"]
[White "Mettel, Werner"]
[Black "Wolanski, Michal"]
[Result "0-1"]
[WhiteElo "1804"]
[BlackElo "1954"]
[PlyCount "62"]
[EventDate "2016.??.??"]

1. e4 c5 2. Nc3 Nc6 3. f4 g6 4. Nf3 Bg7 5. Bc4 e6 6. Bb3 Nge7 7. O-O Nd4 8. d3
O-O 9. Kh1 Nxb3 10. axb3 d6 11. Qe1 b6 12. Qh4 Nc6 13. Qf2 Bb7 14. Ne2 Qc7 15.
Ng3 Nd4 16. Nxd4 cxd4 17. Qd2 f5 18. Qe2 Rfe8 19. Ra4 a5 20. Rf2 Bc6 21. Ra3
Bd7 22. Qd1 Rec8 23. Kg1 b5 24. Qd2 b4 25. Ra1 Ra6 26. Kf1 Rc6 27. Qd1 Rxc2 28.
Rxc2 Qxc2 29. Qxc2 Rxc2 30. Ne2 fxe4 31. dxe4 Bb5 0-1

[Event "Druzynowe Mistrzostwa Polski Niewidomyc"]
[Site "Wagrowiec"]
[Date "2016.??.??"]
[Round "9.8"]
[White "Zarow, Zdzislaw"]
[Black "Pawelec, Bartosz"]
[Result "0-1"]
[WhiteElo "1818"]
[BlackElo "2092"]
[PlyCount "86"]
[EventDate "2016.??.??"]

1. e4 c6 2. c4 d5 3. Nc3 d4 4. Nce2 e5 5. Ng3 Nf6 6. d3 h5 7. Be2 h4 8. Nf1 Bd6
9. Nf3 h3 10. g3 Nh7 11. N1d2 Na6 12. a3 Qa5 13. O-O c5 14. Nb3 Qc7 15. Nh4 Nf6
16. Bg5 Bd7 17. Nd2 Nh7 18. Ndf3 f6 19. Ng6 fxg5 20. Nxh8 Ke7 21. Ng6+ Kf6 22.
Ngxe5 Bxe5 23. Nxe5 Kxe5 24. Bg4 Rf8 25. f4+ gxf4 26. Bxd7 Qxd7 27. Qh5+ g5 28.
gxf4+ Kd6 29. Qh6+ Kc7 30. f5 Nb8 31. Qxh3 Nc6 32. Rae1 Ne5 33. Re2 g4 34. Qg3
Qd6 35. Kh1 Ng5 36. Qf4 Ngf3 37. Rg2 Rh8 38. f6 Nxd3 39. Qxd6+ Kxd6 40. Rd1 Nf4
41. Rf2 Ke5 42. f7 Rf8 43. Rdf1 Kxe4 0-1

[Event "Druzynowe Mistrzostwa Polski Niewidomyc"]
[Site "Wagrowiec"]
[Date "2016.??.??"]
[Round "9.9"]
[White "Kowalczyk, Marian"]
[Black "Ruszczycki, Jacek"]
[Result "0-1"]
[WhiteElo "1965"]
[BlackElo "1918"]
[PlyCount "97"]
[EventDate "2016.??.??"]

1. e4 c6 2. d4 d5 3. exd5 cxd5 4. Nf3 Nf6 5. c4 e6 6. Nc3 Bb4 7. Bd2 Nc6 8. a3
Bxc3 9. Bxc3 Ne4 10. Rc1 O-O 11. Bd3 f5 12. O-O Kh8 13. b4 Nxc3 14. Rxc3 Qf6
15. Be2 dxc4 16. b5 Ne7 17. Rxc4 Nd5 18. Qd2 Bd7 19. a4 Rfc8 20. Ne5 Be8 21.
Rfc1 Qd8 22. Bf3 Rxc4 23. Rxc4 Nb6 24. Rc2 Qe7 25. a5 Nd5 26. Bxd5 exd5 27. Qe3
Qb4 28. g4 fxg4 29. a6 Qxb5 30. Qf4 Bg6 31. Nxg6+ hxg6 32. axb7 Qxb7 33. Re2
Qb1+ 34. Kg2 Qf5 35. Qg3 Rf8 36. Re5 Qc2 37. Qe3 Rf3 38. Re8+ Kh7 39. Qe1 Qd3
40. Re3 Rxe3 41. fxe3 Qe4+ 42. Kg1 g5 43. Kf2 Qf3+ 44. Kg1 Kh6 45. Qc3 Kh5 46.
Qd3 g6 47. Qd2 Kh4 48. Qe1+ Kh3 49. Qd2 0-1

[Event "Druzynowe Mistrzostwa Polski Niewidomyc"]
[Site "Wagrowiec"]
[Date "2016.??.??"]
[Round "9.10"]
[White "Szydlowski, Wiktor"]
[Black "Wojcieszyn, Zdzislaw"]
[Result "0-1"]
[WhiteElo "1781"]
[BlackElo "1914"]
[PlyCount "75"]
[EventDate "2016.??.??"]

1. e4 c5 2. Nf3 Nc6 3. g3 Nf6 4. Nc3 d5 5. exd5 Nxd5 6. Bg2 Nxc3 7. bxc3 g6 8.
O-O Bg7 9. Rb1 O-O 10. Re1 Qa5 11. a3 Rd8 12. Qe2 Qa4 13. Bb2 Qxc2 14. Qc4 Qf5
15. Nh4 Qf6 16. Qxc5 Rxd2 17. Qe3 Rxb2 18. Rxb2 Qxc3 19. Rbe2 Bg4 20. Nf3 Rd8
21. Qxc3 Bxc3 22. Rc1 Bf6 23. h3 Bf5 24. g4 Be6 25. Rd2 Rxd2 26. Nxd2 Bb2 27.
Rd1 Bf6 28. Ne4 Bd4 29. Rb1 Na5 30. Ng5 Bb3 31. Bxb7 Bc5 32. Bg2 Bxa3 33. Nf3
Bc5 34. Nd2 Be6 35. Rb8+ Kg7 36. Ne4 Bb6 37. Ng5 Bd7 38. Bd5 0-1

[Event "Druzynowe Mistrzostwa Polski Niewidomyc"]
[Site "Wagrowiec"]
[Date "2016.??.??"]
[Round "9.11"]
[White "Suder, Ryszard"]
[Black "Sargalski, Andrzej"]
[Result "1-0"]
[WhiteElo "2153"]
[BlackElo "1831"]
[PlyCount "61"]
[EventDate "2016.??.??"]

1. Nf3 Nf6 2. d4 d5 3. c4 e6 4. g3 c5 5. Bg2 Bd7 6. cxd5 Nxd5 7. O-O Nc6 8. e4
Nf6 9. d5 Na5 10. Nc3 exd5 11. exd5 Bd6 12. Re1+ Kf8 13. Ng5 h6 14. Nge4 Nxe4
15. Nxe4 Qc7 16. Bd2 Nc4 17. Bc3 Re8 18. Nxd6 Nxd6 19. Rxe8+ Nxe8 20. d6 Qb6
21. Qd2 Qxd6 22. Bxb7 Qxd2 23. Bxd2 Nd6 24. Ba6 Be6 25. Be3 c4 26. Bxa7 Ke7 27.
Bc5 Ra8 28. Bb5 Rc8 29. Bb4 Rb8 30. a4 Bd7 31. Rd1 1-0

[Event "Druzynowe Mistrzostwa Polski Niewidomyc"]
[Site "Wagrowiec"]
[Date "2016.??.??"]
[Round "9.13"]
[White "Zoltek, Tadeusz"]
[Black "Wyrzykowski, Jozef"]
[Result "1-0"]
[WhiteElo "2149"]
[BlackElo "1655"]
[PlyCount "43"]
[EventDate "2016.??.??"]

1. Nf3 f5 2. c4 Nc6 3. d4 d5 4. cxd5 Qxd5 5. Nc3 Qa5 6. e3 e6 7. Bc4 a6 8. Bd2
b5 9. Nxb5 Qb6 10. Nc3 Qxb2 11. O-O Qb8 12. d5 Na5 13. Rb1 Bb7 14. Qa4+ c6 15.
Qxa5 exd5 16. Bd3 g6 17. Qb6 Bd6 18. Qxb7 Qd8 19. Qxc6+ Kf8 20. Nxd5 Nf6 21.
Nxf6 Qxf6 22. Qxa8+ 1-0

[Event "Druzynowe Mistrzostwa Polski Niewidomyc"]
[Site "Wagrowiec"]
[Date "2016.??.??"]
[Round "9.15"]
[White "Zelajtys, Jozef"]
[Black "Barnowski, Sylwester"]
[Result "1/2-1/2"]
[WhiteElo "1706"]
[BlackElo "1871"]
[PlyCount "38"]
[EventDate "2016.??.??"]

1. e4 Nf6 2. e5 Nd5 3. d4 d6 4. c4 Nb6 5. exd6 cxd6 6. Be3 d5 7. c5 N6d7 8. Nc3
e6 9. Bd3 g6 10. Nf3 Bg7 11. O-O O-O 12. Qd2 Re8 13. Bh6 Bf6 14. Be3 Bg7 15.
Bh6 Bf6 16. Be3 Bg7 17. Bh6 Bf6 18. Be3 Bg7 19. Bh6 Bf6 1/2-1/2

[Event "Druzynowe Mistrzostwa Polski Niewidomyc"]
[Site "Wagrowiec"]
[Date "2016.??.??"]
[Round "9.16"]
[White "Traczyk, Tadeusz"]
[Black "Dziobek, Jerzy"]
[Result "1/2-1/2"]
[WhiteElo "1857"]
[BlackElo "1750"]
[PlyCount "62"]
[EventDate "2016.??.??"]

1. e4 c5 2. Nf3 d6 3. d4 cxd4 4. Nxd4 Nc6 5. Nc3 a6 6. Bc4 Nf6 7. O-O Qc7 8.
Bb3 e6 9. a3 Be7 10. Kh1 O-O 11. f4 Nxd4 12. Qxd4 Qc5 13. Qd3 b5 14. Be3 Qc7
15. Rad1 Bb7 16. f5 exf5 17. Rxf5 Bc8 18. Rff1 Be6 19. Nd5 Nxd5 20. exd5 Bg4
21. Rd2 Bh5 22. c3 Bg6 23. Qe2 Rae8 24. Bc2 Bxc2 25. Rxc2 Bf6 26. Qf2 Qe7 27.
Re2 Bg5 28. Rfe1 Bxe3 29. Rxe3 Qd7 30. Rxe8 Rxe8 31. Rxe8+ Qxe8 1/2-1/2

[Event "Druzynowe Mistrzostwa Polski Niewidomyc"]
[Site "Wagrowiec"]
[Date "2016.??.??"]
[Round "9.17"]
[White "Kulik, Roman"]
[Black "Filipiak, Rajmund"]
[Result "0-1"]
[WhiteElo "1743"]
[BlackElo "1561"]
[PlyCount "26"]
[EventDate "2016.??.??"]

1. c4 e6 2. Nc3 f5 3. d3 Nf6 4. Nf3 b6 5. g3 Bb7 6. Bg2 Be7 7. a3 O-O 8. O-O c5
9. Qc2 Kh8 10. b3 d5 11. cxd5 exd5 12. d4 Ne4 13. Nd2 cxd4 0-1